01143nam a2200193Ia 4500001001100000003001000011008004100021040002500062041001300087100001900100245005300119250001100172260007900183300001200262500026200274501011400536520026200650650003700912L100-51802IT-CnALBA170116s9999||||xx |||||||||||||| ||und|| aIT-CnALBAcIT-CnALBA aITALIANO aSICA GABRIELLA 0aSIA DATO CREDITO ALL'INVISIBILE. PROSE E SAGGI.  a1a ed. a VENEZIAbMARSILIO EDITORI c2000 [1° Ed.:2000 - Ed.Ling.Originale: 2000] a214 p.  aPELLEGRINAGGI AI LUOGHI DI POESIA. AMO IL MIO TEMPO. SULL'ARTE POETICA DI ORAZIO. CANTO SECOLARE SU ORAZIO E NOVECENTO. RACCOGLIERO' I FRAMMENTI DELLA MIA ANIMA, CANZONIERE DI PETRARCA. LA DIGNITÀ DI PICO DELLA MIRANDOLA. RITO SILENZIOSO SULLA TOMBA DI J. aSocietà San Paolo EM - Piazza San Paolo, 14 - 12051 ALBA (CN) (non commercial uses only) ® Copyright 2017 aPELLEGRINAGGI AI LUOGHI DI POESIA. AMO IL MIO TEMPO. SULL'ARTE POETICA DI ORAZIO. CANTO SECOLARE SU ORAZIO E NOVECENTO. RACCOGLIERO' I FRAMMENTI DELLA MIA ANIMA, CANZONIERE DI PETRARCA. LA DIGNITÀ DI PICO DELLA MIRANDOLA. RITO SILENZIOSO SULLA TOMBA DI J. aFILOSOFIA E DISCIPLINE COLLEGATE